| 000 | 00416 a2200157 4500 | ||
|---|---|---|---|
| 005 | 20250624084730.0 | ||
| 020 | _a0-06-318113-4 | ||
| 082 | _a370.1DOW | ||
| 100 | _aDOWNEY. M. | ||
| 245 | _aTheory And Practice Of Education, An Introduction | ||
| 250 | _a2nd Ed | ||
| 260 |
_aLondon, _bHarper & Row Publisher, _c2010. |
||
| 300 |
_axi; 293p; _bBibligraphy, Index _c20cm |
||
| 700 | _aKELLY. A. V. | ||
| 942 |
_2ddc _cBKS |
||
| 999 |
_c4778 _d4778 |
||